[Event "PRO League Group Stage"]
[Site "chess.com INT"]
[Date "2018.03.07"]
[Round "9"]
[White "Skuhala, Jernej"]
[Black "Horton, Andrew P"]
[Result "0-1"]
[WhiteTitle "FM"]
[BlackTitle "FM"]
[WhiteElo "2294"]
[BlackElo "2397"]
[WhiteTeam "Ljubljana Turtles"]
[BlackTeam "London Lions"]
[WhiteFideId "14605651"]
[BlackFideId "424269"]
[EventDate "2018.01.18"]

1. e4 e5 2. Nf3 Nc6 3. d4 exd4 4. Bc4 Bc5 5. O-O d6 6. c3 Bg4 7. Qb3 Bxf3 8.
Bxf7+ Kf8 9. Bxg8 Rxg8 10. gxf3 Qd7 11. Nd2 g5 12. Kh1 g4 13. Rg1 dxc3 14. Qxc3
Bxf2 15. Rxg4 Rxg4 16. fxg4 Bd4 17. Qf3+ Kg8 18. Nb3 Rf8 19. Qg2 Rf2 20. Qh3 Qe6
21. Nd2 Ne5 22. Qb3 Qxb3 23. Nxb3 Bxb2 24. Bxb2 Nf3 0-1

[Event "PRO League Group Stage"]
[Site "chess.com INT"]
[Date "2018.03.07"]
[Round "9"]
[White "Sheng, Joshua"]
[Black "Mamedyarov, Shakhriyar"]
[Result "0-1"]
[WhiteTitle "IM"]
[BlackTitle "GM"]
[WhiteElo "2392"]
[BlackElo "2804"]
[WhiteTeam "San Diego Surfers"]
[BlackTeam "San Jose Hackers"]
[WhiteFideId "2057360"]
[BlackFideId "13401319"]
[EventDate "2018.01.18"]

1. e4 c6 2. d4 d5 3. Nc3 dxe4 4. Nxe4 Bf5 5. Ng3 Bg6 6. h4 h6 7. Nf3 e6 8. Ne5
Bh7 9. Bd3 Bxd3 10. Qxd3 Nd7 11. f4 Be7 12. Bd2 Ngf6 13. O-O-O Qc7 14. Qf3 c5
15. Nxd7 Qxd7 16. dxc5 Bxc5 17. Nh5 Qc6 18. Nxf6+ gxf6 19. Qe2 O-O-O 20. Bc3 Be7
21. Qh5 Rh7 22. Rxd8+ Bxd8 23. Rd1 f5 24. Qe2 f6 25. g4 Qe4 26. Qxe4 fxe4 27.
Rd6 f5 28. Rxe6 fxg4 29. h5 Bc7 30. f5 g3 31. Rxe4 Rd7 32. Rg4 Rd5 33. f6 Kd7
34. Rg7+ Kc6 35. b4 Bf4+ 36. Kb1 Bg5 37. f7 Rf5 38. Rg6+ Kd5 39. Bg7 g2 40. Rd6+
Kxd6 41. f8=Q+ Rxf8 42. Bxf8+ Be7 0-1

[Event "PRO League Group Stage"]
[Site "chess.com INT"]
[Date "2018.03.07"]
[Round "9"]
[White "Sheng, Joshua"]
[Black "Ravuri, Vinesh"]
[Result "1-0"]
[WhiteTitle "IM"]
[WhiteElo "2392"]
[BlackElo "1990"]
[WhiteTeam "San Diego Surfers"]
[BlackTeam "San Jose Hackers"]
[WhiteFideId "2057360"]
[BlackFideId "45042632"]
[EventDate "2018.01.18"]

1. c4 Nf6 2. Nc3 g6 3. g3 Bg7 4. Bg2 O-O 5. e3 d6 6. Nge2 c6 7. O-O Nbd7 8. d3
e5 9. Rb1 a5 10. a3 Re8 11. b4 axb4 12. axb4 Nf8 13. Bb2 Be6 14. Ra1 Qb6 15. Na4
Qc7 16. Qc2 Bf5 17. e4 Bd7 18. d4 Ne6 19. dxe5 dxe5 20. c5 Ng5 21. Nb6 Rxa1 22.
Rxa1 Bg4 23. Ra3 Bh3 24. f3 Rd8 25. Bxh3 Nxh3+ 26. Kg2 Ng5 27. Rd3 Ne6 28. Qd2
Ne8 29. Nc4 Ra8 30. Rd7 Qb8 31. Qd3 h5 32. Qb3 h4 33. Re7 h3+ 34. Kf2 Qd8 35.
Rxb7 Qf6 36. Bxe5 Qg5 37. Bxg7 Kxg7 38. Nb6 Ra1 39. Qxe6 1-0

[Event "PRO League Group Stage"]
[Site "chess.com INT"]
[Date "2018.03.07"]
[Round "9"]
[White "Riff, Jean-Noel"]
[Black "Borisek, Jure"]
[Result "1/2-1/2"]
[WhiteTitle "GM"]
[BlackTitle "GM"]
[WhiteElo "2503"]
[BlackElo "2576"]
[WhiteTeam "London Lions"]
[BlackTeam "Ljubljana Turtles"]
[WhiteFideId "611190"]
[BlackFideId "14603152"]
[EventDate "2018.01.18"]

1. e4 g6 2. d4 Bg7 3. Nc3 d6 4. Be3 a6 5. Nf3 b5 6. Bd3 Bb7 7. e5 Nd7 8. e6 fxe6
9. Ng5 Nf8 10. O-O Qd7 11. Re1 Nf6 12. Qd2 Nd5 13. Nxd5 exd5 14. c3 Bf6 15. Bf4
h6 16. Nf3 g5 17. Bg3 Kf7 18. h4 g4 19. Nh2 h5 20. f3 Ng6 21. Qc2 Nxh4 22. Bxh4
Bxh4 23. Bf5 Qd8 24. fxg4 hxg4 25. Be6+ Kg7 26. Qf5 Qe8 27. Qxg4+ Qg6 28. Rf1
Bf6 29. Rf4 Rh5 30. Nf3 Rah8 31. Kf2 Qxg4 32. Rxg4+ Kf8 33. Rf4 Ke8 34. g4 Rh3
35. g5 Rxf3+ 36. Kxf3 Bxg5 37. Rg4 Rf8+ 38. Ke2 Rf6 39. Rxg5 Rxe6+ 40. Kd3 Kd7
41. Rf1 a5 42. Rg8 b4 43. Rf2 Ba6+ 44. Kd2 bxc3+ 45. bxc3 Bc4 46. Ra8 Bxa2 47.
Re2 Rh6 48. Rxa5 Bc4 49. Rf2 Rh7 50. Ra8 e5 51. Raf8 Ke7 52. Rc8 Kd7 53. Rcf8
Kc6 54. R8f7 Rxf7 55. Rxf7 exd4 56. cxd4 1/2-1/2

[Event "PRO League Group Stage"]
[Site "chess.com INT"]
[Date "2018.03.07"]
[Round "9"]
[White "Riff, Jean-Noel"]
[Black "Skuhala, Jernej"]
[Result "1-0"]
[WhiteTitle "GM"]
[BlackTitle "FM"]
[WhiteElo "2503"]
[BlackElo "2294"]
[WhiteTeam "London Lions"]
[BlackTeam "Ljubljana Turtles"]
[WhiteFideId "611190"]
[BlackFideId "14605651"]
[EventDate "2018.01.18"]

1. e4 c5 2. Nf3 d6 3. d4 cxd4 4. Nxd4 Nf6 5. Nc3 a6 6. h3 e5 7. Nde2 Be6 8. g4
d5 9. exd5 Nxd5 10. Bg2 Nxc3 11. Qxd8+ Kxd8 12. Nxc3 Kc7 13. Nd5+ Bxd5 14. Bxd5
f6 15. Be3 Nc6 16. O-O-O Be7 17. c3 Rad8 18. Rd2 Rd7 19. Rhd1 Rhd8 20. h4 h6 21.
h5 a5 22. f3 b5 23. Be4 Rxd2 24. Rxd2 Rxd2 25. Kxd2 Nd8 26. Kd3 Ne6 27. b3 Nc5+
28. Kc2 Nd7 29. Bf5 Nb6 30. Kd3 Nd5 31. Bd2 b4 32. c4 Nb6 33. Ke4 Bc5 34. Be6
Kd6 35. Kf5 a4 36. Bg8 Ke7 37. Kg6 Kf8 38. Bd5 a3 39. Be4 Nc8 40. Kh7 Nd6 41.
Bd3 Nb7 42. Kg6 Na5 43. Bb1 Nc6 44. Kf5 Ke7 45. Ke4 Ke6 46. f4 Nd4 47. Be3 Kd6
48. fxe5+ fxe5 49. g5 hxg5 50. Bxg5 Ne2 51. Bd2 Ng3+ 52. Kf3 Nxh5 53. Kg4 Nf6+
54. Kf5 Nh5 55. Kg6 Nf4+ 56. Kxg7 Ne6+ 57. Kf6 Nd4 58. Bh6 Ne6 59. Be4 Bb6 60.
Bd5 Bd8+ 61. Kf7 Ng5+ 62. Ke8 Be7 63. Bg2 e4 64. c5+ Kxc5 65. Kxe7 e3 66. Bxg5
e2 67. Bd2 Kd4 68. Bf3 1-0

[Event "PRO League Group Stage"]
[Site "chess.com INT"]
[Date "2018.03.07"]
[Round "9"]
[White "Haug, Johannes"]
[Black "Kantane, Anna"]
[Result "0-1"]
[WhiteTitle "FM"]
[BlackTitle "WIM"]
[WhiteElo "2357"]
[BlackElo "2243"]
[WhiteTeam "Oslo Trolls"]
[BlackTeam "Riga Magicians"]
[WhiteFideId "1509268"]
[BlackFideId "1135988"]
[EventDate "2018.01.18"]

1. d4 Nf6 2. c4 c5 3. d5 e6 4. Nc3 exd5 5. cxd5 d6 6. Nf3 g6 7. Bf4 a6 8. a4 Bg7
9. h3 O-O 10. e3 Qe7 11. Nd2 Nbd7 12. Be2 Ne5 13. O-O Ne8 14. Bh2 f5 15. Nc4
Nxc4 16. Bxc4 Nc7 17. Re1 Bd7 18. a5 Bb5 19. Qb3 Qd7 20. Na4 Bxa4 21. Qxa4 Nb5
22. Rab1 Rae8 23. Rec1 Rc8 24. b4 cxb4 25. Qxb4 Rc5 26. Bxb5 Rxb5 27. Qxd6 Rxd5
28. Qxd7 Rxd7 29. Rc7 Rff7 30. Rbc1 Bb2 31. Rc8+ Kg7 32. Rb1 Rd5 33. Rc7 Rxa5
34. Rxf7+ Kxf7 35. g4 Ra1 36. Rxa1 Bxa1 37. gxf5 gxf5 38. Kf1 Ke6 39. Ke2 Kd5
40. Kd3 b5 41. f3 a5 42. e4+ fxe4+ 43. fxe4+ Kc5 44. Bg1+ Kd6 45. Bb6 a4 46. Ba5
Kc5 47. Bd8 b4 48. Be7+ Kb5 49. Bd6 b3 50. Ba3 Be5 51. Be7 Bb2 52. Bd6 a3 53.
Bxa3 Bxa3 54. Kc3 b2 55. Kc2 Kc4 56. e5 Kd5 57. e6 Kxe6 58. h4 Kf5 59. h5 Kg5
60. h6 Kxh6 61. Kb1 Kg5 62. Kc2 h5 63. Kb1 h4 64. Kc2 h3 65. Kb1 h2 66. Ka2 h1=Q
67. Kb3 b1=Q+ 68. Ka4 Qa8# 0-1

[Event "PRO League Group Stage"]
[Site "chess.com INT"]
[Date "2018.03.07"]
[Round "9"]
[White "Haug, Johannes"]
[Black "Plat, Vojtech"]
[Result "1/2-1/2"]
[WhiteTitle "FM"]
[BlackTitle "GM"]
[WhiteElo "2357"]
[BlackElo "2569"]
[WhiteTeam "Oslo Trolls"]
[BlackTeam "Riga Magicians"]
[WhiteFideId "1509268"]
[BlackFideId "325740"]
[EventDate "2018.01.18"]

1. d4 Nf6 2. c4 g6 3. Nf3 Bg7 4. g3 d5 5. cxd5 Nxd5 6. Bg2 Nb6 7. O-O Nc6 8. Nc3
O-O 9. e3 e5 10. d5 Na5 11. e4 c6 12. Bg5 Qd6 13. dxc6 Qxd1 14. Rfxd1 Nxc6 15.
Nd5 Bg4 16. h3 Bxf3 17. Bxf3 Nd4 18. Bg2 Nxd5 19. exd5 f5 20. Be3 Rfd8 21. Bxd4
exd4 22. Rac1 Rac8 23. Kf1 Kf8 24. Ke2 Ke7 25. Kd3 Kd7 1/2-1/2

[Event "PRO League Group Stage"]
[Site "chess.com INT"]
[Date "2018.03.07"]
[Round "9"]
[White "Ruiz Castillo, Joshua Daniel"]
[Black "Sarana, Alexey"]
[Result "1/2-1/2"]
[WhiteTitle "IM"]
[BlackTitle "GM"]
[WhiteElo "2368"]
[BlackElo "2562"]
[WhiteTeam "Rio Grande Ospreys"]
[BlackTeam "Australia Kangaroos"]
[WhiteFideId "4400704"]
[BlackFideId "24133795"]
[EventDate "2018.01.18"]

1. e4 c5 2. Nf3 d6 3. d4 cxd4 4. Nxd4 Nf6 5. Nc3 a6 6. Bg5 Nbd7 7. Bc4 Qb6 8.
Bb3 e6 9. Qd2 Be7 10. O-O-O Nc5 11. f3 Bd7 12. Kb1 Qc7 13. g4 b5 14. a3 Qb7 15.
Ba2 a5 16. Nd5 exd5 17. Bxf6 Bxf6 18. Bxd5 Qc8 19. Bxa8 Qxa8 20. Nf5 Bxf5 21.
gxf5 Be7 22. Rhg1 g6 23. Qd4 O-O 24. f6 Bd8 25. Qxd6 Ne6 26. Qd5 Bxf6 27. Qxa8
Rxa8 28. Rd5 Rb8 29. Rgd1 h5 30. R1d2 h4 31. Rf2 Bd4 32. Rd2 Be3 33. Re2 Bf4 34.
Ka2 Kg7 35. Kb3 Kf6 36. c3 h3 37. a4 bxa4+ 38. Kxa4 Bc1 39. Rb5 Rd8 40. Kxa5 Rd3
41. Rf2 Be3 42. Re2 Bf4 43. Rf2 Ng5 44. Rb6+ Kg7 45. Rb5 Nxf3 46. Rd5 Re3 47. c4
Bxh2 48. b4 Bg3 49. Rf1 h2 50. Rdd1 Ng1 51. Rxg1 hxg1=Q 52. Rxg1 Bc7+ 53. Ka6
Rxe4 54. Rc1 g5 55. b5 g4 56. b6 Bf4 57. Rc2 f5 58. c5 Kf6 59. c6 Re8 60. c7
Bxc7 61. bxc7 g3 62. Rd2 Rc8 63. Kb7 Rxc7+ 64. Kxc7 Ke5 65. Re2+ Kf4 66. Kd6 Kf3
67. Re8 f4 68. Ke5 Ke3 69. Kf5+ Kf3 70. Re4 g2 71. Rxf4+ Kg3 72. Rg4+ Kf2 73.
Kf4 g1=Q 74. Rxg1 Kxg1 1/2-1/2

[Event "PRO League Group Stage"]
[Site "chess.com INT"]
[Date "2018.03.07"]
[Round "9"]
[White "Ruiz Castillo, Joshua Daniel"]
[Black "Ikeda, Junta"]
[Result "1-0"]
[WhiteTitle "IM"]
[BlackTitle "IM"]
[WhiteElo "2368"]
[BlackElo "2415"]
[WhiteTeam "Rio Grande Ospreys"]
[BlackTeam "Australia Kangaroos"]
[WhiteFideId "4400704"]
[BlackFideId "3204731"]
[EventDate "2018.01.18"]

1. e4 c5 2. Nf3 e6 3. d4 cxd4 4. Nxd4 a6 5. Nd2 Qc7 6. Bd3 Nf6 7. O-O Bc5 8.
N4b3 Be7 9. a4 d6 10. a5 O-O 11. Nc4 Nbd7 12. Be3 Rb8 13. Nb6 Ne5 14. f4 Neg4
15. Bd2 h5 16. h3 Nh6 17. Qe2 d5 18. e5 Ne4 19. Bxe4 dxe4 20. Qxe4 Nf5 21. Rf3
Bd7 22. Rc3 Bc6 23. Qe2 h4 24. Be1 Rbd8 25. Bf2 Qb8 26. Rxc6 bxc6 27. Qxa6 g5
28. Qc4 c5 29. Nxc5 Bxc5 30. Bxc5 Rd2 31. a6 Qc7 32. Qc3 Rfd8 33. a7 Qc6 34.
Qxd2 Rxd2 35. a8=Q+ Qxa8 36. Rxa8+ Kh7 37. fxg5 Rxc2 38. Nd7 Ng3 39. Nf8+ Kg7
40. Be7 Ne4 41. Bf6+ Kg8 42. Nxe6+ Kh7 43. Rh8+ Kg6 44. Rh6+ Kf5 45. Nd4+ Kf4
46. Rxh4+ Kg3 47. Rg4# 1-0

[Event "PRO League Group Stage"]
[Site "chess.com INT"]
[Date "2018.03.07"]
[Round "9"]
[White "Proleiko, Julian"]
[Black "Perez Ponsa, Federico"]
[Result "0-1"]
[BlackTitle "GM"]
[WhiteElo "2119"]
[BlackElo "2553"]
[WhiteTeam "Saint Louis Arch Bishops"]
[BlackTeam "Buenos Aires Krakens"]
[WhiteFideId "30900255"]
[BlackFideId "117927"]
[EventDate "2018.01.18"]

1. d4 Nf6 2. c4 g6 3. Nf3 Bg7 4. g3 O-O 5. Bg2 c6 6. O-O d5 7. cxd5 cxd5 8. Ne5
Ng4 9. Nxg4 Bxg4 10. h3 Bd7 11. Nc3 Nc6 12. Be3 e6 13. Qd2 Rc8 14. Rfd1 Na5 15.
b3 b6 16. Rac1 Qe7 17. Bh6 f5 18. Bxg7 Kxg7 19. Qf4 Nc6 20. h4 h6 21. Nb5 a6 22.
Nc3 g5 23. hxg5 hxg5 24. Qd2 Kg6 25. Na4 Rb8 26. f4 Rh8 27. Kf2 g4 28. Rh1 Rxh1
29. Rxh1 Qb4 30. Qxb4 Nxb4 31. Nb2 Nxa2 32. Nd3 Bb5 33. Ne5+ Kg7 34. Rh5 Be8 35.
Rh1 Rc8 36. Nd3 Rc2 37. Ra1 Bb5 38. Ke3 Bxd3 39. Kxd3 Nb4+ 40. Ke3 Rc3+ 41. Kf2
Rxb3 42. Rc1 a5 43. Rc7+ Kf6 44. Bf1 a4 45. e3 a3 46. Bb5 Nd3+ 47. Bxd3 Rxd3 48.
Ke2 Rb3 49. Ra7 b5 50. Kd2 b4 51. Ra4 Rb2+ 52. Kd3 a2 53. Ra7 b3 54. Ra6 Rb1 55.
Ra7 a1=Q 0-1

[Event "PRO League Group Stage"]
[Site "chess.com INT"]
[Date "2018.03.07"]
[Round "9"]
[White "Proleiko, Julian"]
[Black "Villanueva, Mario"]
[Result "0-1"]
[BlackTitle "IM"]
[WhiteElo "2119"]
[BlackElo "2466"]
[WhiteTeam "Saint Louis Arch Bishops"]
[BlackTeam "Buenos Aires Krakens"]
[WhiteFideId "30900255"]
[BlackFideId "113433"]
[EventDate "2018.01.18"]

1. d4 d5 2. c4 Bf5 3. Nc3 e6 4. Nf3 Nc6 5. Bg5 Be7 6. Bxe7 Ncxe7 7. e3 Nf6 8.
Qb3 O-O 9. cxd5 Nexd5 10. Be2 Nxc3 11. bxc3 c5 12. Qxb7 Ne4 13. Qb2 Qa5 14. O-O
Rab8 15. Qc1 Nxc3 16. Qd2 Rfc8 17. Rfc1 cxd4 18. Nxd4 Qa3 19. Bf3 Nb1 20. Rxc8+
Rxc8 21. Rxb1 Bxb1 22. Nc6 Bxa2 23. g3 Bd5 24. Bxd5 exd5 25. Qxd5 Qc1+ 0-1

[Event "PRO League Group Stage"]
[Site "chess.com INT"]
[Date "2018.03.07"]
[Round "9"]
[White "Becerra Rivero, Julio"]
[Black "Brattain, Mika"]
[Result "1/2-1/2"]
[WhiteTitle "GM"]
[WhiteElo "2531"]
[BlackElo "2404"]
[WhiteTeam "Miami Champions"]
[BlackTeam "Pittsburgh Pawngrabbers"]
[WhiteFideId "3501728"]
[BlackFideId "2071142"]
[EventDate "2018.01.18"]

1. e4 c5 2. Nf3 d6 3. d4 Nf6 4. Nc3 cxd4 5. Nxd4 a6 6. h3 e5 7. Nde2 h5 8. g3
Be7 9. a4 Nc6 10. Bg2 O-O 11. Be3 Nb4 12. Qd2 Qc7 13. O-O Be6 14. Nd5 Nbxd5 15.
exd5 Bf5 16. Rfc1 Ne4 17. Qd1 Bg6 18. a5 h4 19. gxh4 Bxh4 20. Bxe4 Bxe4 21. Ra4
f5 22. f3 Qd7 23. Nc3 f4 24. Rxe4 Qxh3 25. Qf1 Qg3+ 26. Qg2 fxe3 27. Rg4 Qxg2+
28. Kxg2 Rf4 29. Rh1 Rxg4+ 30. fxg4 Bd8 31. Ne4 Bxa5 32. Kf3 Bd2 33. Ke2 Rf8 34.
Nxd6 Rd8 35. Rh8+ Kxh8 36. Nf7+ Kg8 37. Nxd8 b5 38. Nc6 Kf7 39. Nxe5+ Ke7 40. c4
Kd6 41. Nf7+ Ke7 42. cxb5 axb5 43. Ng5 Kd6 44. Ne6 g6 45. Nf4 g5 46. Ne6 Kxd5
47. Nxg5 Bc1 48. b3 Ke5 49. Nf7+ Kf4 50. g5 Kf5 51. Nd6+ Kxg5 52. Nxb5 Kf4 53.
Nd4 Ke4 54. Nc2 Bd2 55. Na3 Kd4 56. Nc2+ Kc3 57. Nxe3 Bxe3 58. Kxe3 Kxb3 1/2-1/2

[Event "PRO League Group Stage"]
[Site "chess.com INT"]
[Date "2018.03.07"]
[Round "9"]
[White "Becerra Rivero, Julio"]
[Black "Heimann, Mark"]
[Result "0-1"]
[WhiteTitle "GM"]
[BlackTitle "FM"]
[WhiteElo "2531"]
[BlackElo "2363"]
[WhiteTeam "Miami Champions"]
[BlackTeam "Pittsburgh Pawngrabbers"]
[WhiteFideId "3501728"]
[BlackFideId "2028441"]
[EventDate "2018.01.18"]

1. e4 e6 2. d4 d5 3. Nc3 Nf6 4. Bg5 dxe4 5. Nxe4 Be7 6. Bxf6 Bxf6 7. Nf3 Nd7 8.
Qd2 O-O 9. O-O-O b6 10. Bd3 Bb7 11. Qe3 c5 12. dxc5 Qc7 13. Nfg5 h6 14. Nh7 Be5
15. g3 Kxh7 16. Nf6+ Kh8 17. Nxd7 Qxd7 18. Be4 Qb5 19. Bxb7 Bxb2+ 20. Kd2 Qd7+ 0-1

[Event "PRO League Group Stage"]
[Site "chess.com INT"]
[Date "2018.03.07"]
[Round "9"]
[White "Admiraal, Miguoel"]
[Black "Gunnarsson, Jon Viktor"]
[Result "1-0"]
[WhiteTitle "IM"]
[BlackTitle "IM"]
[WhiteElo "2453"]
[BlackElo "2466"]
[WhiteTeam "Amsterdam Mosquitoes"]
[BlackTeam "Reykjavik Puffins"]
[WhiteFideId "1019716"]
[BlackFideId "2300931"]
[EventDate "2018.01.18"]

1. e4 c5 2. Nf3 Nc6 3. Nc3 g6 4. Bc4 Bg7 5. O-O d6 6. d3 Nf6 7. h3 O-O 8. a3 a6
9. Ba2 b5 10. Re1 Bb7 11. Bg5 e6 12. Qd2 Re8 13. Ne2 Qc7 14. Ng3 Nd7 15. Rab1
Nd4 16. Nh2 h5 17. c3 Nc6 18. Bh6 Qd8 19. Bxg7 Kxg7 20. d4 cxd4 21. cxd4 Qf6 22.
Nf3 Rad8 23. Rbc1 Nb6 24. Qe3 d5 25. e5 Qe7 26. Bb1 Nc4 27. Qe2 b4 28. a4 N6a5
29. Rcd1 Bc6 30. Qc2 Rh8 31. b3 Na3 32. Qd3 Bb7 33. Ba2 Rc8 34. Rc1 Rc7 35. Rxc7
Qxc7 36. Qd2 Qe7 37. Rc1 Rc8 38. Rxc8 Bxc8 39. h4 Bd7 40. Ne2 Be8 41. g3 Nc6 42.
Ne1 Qa7 43. Kg2 Ne7 44. Nd3 a5 45. Nc5 Nf5 46. Nf4 Qe7 47. Qd3 Qa7 48. Qd2 Bd7
49. Qd3 Bc8 50. Qd2 Ba6 51. Qd1 Bc8 52. Kg1 Ba6 53. Kg2 Bc8 54. Kh2 Qb6 55. Qd2
Qc7 56. Kg1 Nxd4 57. Qxd4 Nc2 58. Ncxe6+ fxe6 59. Qd2 Qc3 60. Qd1 Nd4 61. Bb1
Qxb3 62. Qc1 Nf3+ 63. Kg2 Nxe5 64. Qxc8 Qf3+ 65. Kg1 Qd1+ 66. Kh2 Nf3+ 67. Kg2
Ne1+ 68. Kh2 Nf3+ 69. Kg2 Ne1+ 70. Kh3 Qg4+ 71. Kh2 Nf3+ 72. Kh1 Nd4 73. Qd7+
Kf6 74. Qd8+ Ke5 75. Qh8+ Kd6 76. Qxd4 Qf3+ 77. Kg1 Qc3 78. Qb6+ Ke5 79. Qb8+
Kd4 80. Ne2+ 1-0

[Event "PRO League Group Stage"]
[Site "chess.com INT"]
[Date "2018.03.07"]
[Round "9"]
[White "Admiraal, Miguoel"]
[Black "Gretarsson, Helgi Ass"]
[Result "1-0"]
[WhiteTitle "IM"]
[BlackTitle "GM"]
[WhiteElo "2453"]
[BlackElo "2451"]
[WhiteTeam "Amsterdam Mosquitoes"]
[BlackTeam "Reykjavik Puffins"]
[WhiteFideId "1019716"]
[BlackFideId "2300699"]
[EventDate "2018.01.18"]

1. d4 Nf6 2. Nf3 d5 3. Bf4 c5 4. e3 Nc6 5. Nbd2 e6 6. c3 Be7 7. Bd3 Nh5 8. Be5
Nxe5 9. dxe5 g6 10. Qc2 Bd7 11. h4 Ng7 12. e4 c4 13. Be2 h5 14. Rd1 Qc7 15. exd5
exd5 16. Nf1 Bf5 17. Qa4+ Qc6 18. Qa5 Bc5 19. Nd4 Qb6 20. Qxb6 axb6 21. a3 Bd7
22. Ne3 Bc6 23. Bf3 Rd8 24. Ndc2 Ba4 25. Rxd5 O-O 26. Nd4 Rde8 27. Nxc4 Ne6 28.
Nd6 Re7 29. Nxe6 Rxe6 30. Ne4 Be7 31. O-O Bc6 32. Rd4 Bxh4 33. Nd2 Be7 34. Bxc6
bxc6 35. Nf3 g5 36. Rc4 c5 37. Re1 g4 38. Nd2 f5 39. a4 Bf6 40. a5 Rb8 41. axb6
Rbxb6 42. Rxc5 Rxb2 43. Nc4 Rc2 44. Rc8+ Kh7 45. Rc7+ Kh6 46. Kf1 Bh4 47. g3 Bg5
48. Ne3 Bxe3 49. Rxe3 h4 50. gxh4 f4 51. Re4 f3 52. Rd7 Kh5 53. Rd1 Kxh4 54. Kg1
Kg5 55. c4 Kf5 56. Re3 Rxc4 57. Kf1 Rc5 58. Kg1 Rexe5 59. Rxe5+ Rxe5 60. Rd8 Kf4
61. Rf8+ Rf5 62. Rg8 Rg5 63. Rf8+ Ke4 64. Kh2 Rg6 65. Kg3 Kd3 66. Re8 Kd2 67.
Re7 Kd3 68. Re3+ Kd2 69. Re4 Kd3 70. Rxg4 Rf6 71. Rf4 1-0

[Event "PRO League Group Stage"]
[Site "chess.com INT"]
[Date "2018.03.07"]
[Round "9"]
[White "Bai, Jinshi"]
[Black "Sargissian, Gabriel"]
[Result "1/2-1/2"]
[WhiteTitle "GM"]
[BlackTitle "GM"]
[WhiteElo "2571"]
[BlackElo "2677"]
[WhiteTeam "Chengdu Pandas"]
[BlackTeam "Seattle Sluggers"]
[WhiteFideId "8602280"]
[BlackFideId "13300881"]
[EventDate "2018.01.18"]

1. d4 Nf6 2. c4 e6 3. g3 d5 4. Bg2 Bb4+ 5. Nd2 O-O 6. Nf3 b6 7. O-O Bb7 8. b3
Ne4 9. Bb2 Nxd2 10. Nxd2 Nd7 11. a3 Be7 12. cxd5 exd5 13. Qc2 Nf6 14. Rfd1 a5
15. Nc4 Re8 16. Ne5 Bd6 17. e3 Qe7 18. a4 Ne4 19. Rac1 f6 20. Nd3 Qf7 21. Ra1
Rac8 22. Ba3 Bxa3 23. Rxa3 c5 24. dxc5 bxc5 25. Raa1 d4 26. Re1 Nc3 1/2-1/2

[Event "PRO League Group Stage"]
[Site "chess.com INT"]
[Date "2018.03.07"]
[Round "9"]
[White "Bai, Jinshi"]
[Black "Lee, Megan"]
[Result "1-0"]
[WhiteTitle "GM"]
[BlackTitle "WIM"]
[WhiteElo "2571"]
[BlackElo "2163"]
[WhiteTeam "Chengdu Pandas"]
[BlackTeam "Seattle Sluggers"]
[WhiteFideId "8602280"]
[BlackFideId "2029618"]
[EventDate "2018.01.18"]

1. Nf3 d5 2. g3 Nf6 3. Bg2 c5 4. O-O Nc6 5. d4 e6 6. c4 dxc4 7. Qa4 Nd7 8. dxc5
Bxc5 9. Qxc4 O-O 10. Nc3 Qe7 11. Ne4 Bb6 12. Bf4 e5 13. Bg5 Nf6 14. Bh4 Be6 15.
Qc1 Bf5 16. Nxf6+ gxf6 17. Qh6 Bg6 18. Nd2 Nd4 19. Ne4 Nf5 20. Bxf6 Qe6 21. Qd2
Bd8 22. Bxd8 Rfxd8 23. Qb4 Nd4 24. Qxb7 Rab8 25. Qxa7 Nxe2+ 26. Kh1 Rxb2 27. a4
Nd4 28. a5 Nb3 29. Rad1 Rxd1 30. Rxd1 Kg7 31. Qb8 Qg4 32. Qxe5+ Kh6 33. f3 1-0

[Event "PRO League Group Stage"]
[Site "chess.com INT"]
[Date "2018.03.07"]
[Round "9"]
[White "Rambaldi, Francesco"]
[Black "Perez, Maximiliano"]
[Result "1-0"]
[WhiteTitle "GM"]
[BlackTitle "IM"]
[WhiteElo "2563"]
[BlackElo "2399"]
[WhiteTeam "Saint Louis Arch Bishops"]
[BlackTeam "Buenos Aires Krakens"]
[WhiteFideId "20657307"]
[BlackFideId "117234"]
[EventDate "2018.01.18"]

1. Nf3 Nf6 2. c4 g6 3. b3 Bg7 4. Bb2 d6 5. d4 O-O 6. e3 Nbd7 7. Be2 c6 8. O-O a5
9. Nc3 e5 10. dxe5 dxe5 11. Qd2 e4 12. Nd4 Re8 13. Rad1 Qc7 14. Nc2 Nc5 15. Qd4
Ne6 16. Qd6 Qxd6 17. Rxd6 Nd7 18. Rfd1 Ndc5 19. Ba1 f5 20. R6d2 Na6 21. Na4 Bxa1
22. Rxa1 Nec5 23. Nb6 Rb8 24. Rb1 Be6 25. a3 Rbd8 26. Nd4 Bf7 27. b4 axb4 28.
axb4 Ne6 29. Rdd1 c5 30. bxc5 Naxc5 31. Nd5 Kg7 32. g4 fxg4 33. Bxg4 h5 34. Bxe6
Nxe6 35. Nxe6+ Rxe6 36. Rxb7 Re5 37. Rdb1 Rg5+ 38. Kf1 Rf5 39. Rc7 Kh6 40. Rbb7
Bxd5 41. cxd5 Kg5 42. Re7 Rdxd5 43. Rb2 Kg4 44. Kg2 Rde5 45. Rbb7 Kg5 46. Rg7
Rf6 47. Rbf7 Rc6 48. Rf4 h4 49. Rh7 Rc4 50. Rhxh4 Ra4 51. Kg3 Re7 52. Rh8 1-0

[Event "PRO League Group Stage"]
[Site "chess.com INT"]
[Date "2018.03.07"]
[Round "9"]
[White "Rambaldi, Francesco"]
[Black "Obregon, Andres Carlos"]
[Result "1/2-1/2"]
[WhiteTitle "GM"]
[BlackTitle "GM"]
[WhiteElo "2563"]
[BlackElo "2514"]
[WhiteTeam "Saint Louis Arch Bishops"]
[BlackTeam "Buenos Aires Krakens"]
[WhiteFideId "20657307"]
[BlackFideId "111724"]
[EventDate "2018.01.18"]

1. d4 Nf6 2. Nf3 e6 3. Bf4 c5 4. e3 Nc6 5. c3 Nh5 6. Bg3 Qb6 7. Qb3 Nxg3 8. hxg3
d5 9. Nbd2 Bd7 10. Be2 Be7 11. Qc2 h6 12. a3 cxd4 13. exd4 Rc8 14. Qb3 Qc7 15.
Qd1 O-O 16. Bd3 e5 17. dxe5 Nxe5 18. Nxe5 Qxe5+ 19. Kf1 Bc5 20. Nf3 Qf6 21. Qd2
Rfe8 22. Rh4 g5 23. Rh1 Bg4 24. Bc2 Bxf3 25. gxf3 Qxf3 26. Rxh6 Be3 27. Bd1 Qf5
28. Qc2 Qxc2 29. Bxc2 Bb6 30. Bd3 Kg7 31. Rh5 Kf6 32. Kg2 Rh8 33. Rah1 Rxh5 34.
Rxh5 Re8 35. Rh6+ Kg7 36. Rh7+ Kf6 37. Rh1 Bc5 38. Kf3 Bb6 39. Rh6+ Kg7 40. Rh5
Kf6 41. Rh1 Kg7 42. Rd1 Kf6 43. Bc2 Re5 44. Rd2 Ke6 45. Kg4 Bd8 46. f4 gxf4 47.
gxf4 Re1 48. Bb3 Rg1+ 49. Kh3 Rh1+ 50. Kg2 Rh5 51. Kf3 Kd6 52. Kg4 Rh4+ 53. Kg3
Rh5 54. Bd1 Rh8 55. Bf3 Rg8+ 56. Kh3 b6 57. Bxd5 Ke7 58. Bc6 Rg6 59. Rd7+ Ke8
60. Ba4 a5 61. Rd6+ Ke7 62. Rd7+ Ke8 63. Bb5 Be7 64. f5 Rh6+ 65. Kg4 Kf8 66. Rb7
Rh4+ 67. Kf3 Rh2 68. Bc4 Rh6 69. a4 Rf6 70. Ke4 Rh6 71. Bd3 Bc5 72. Kd5 Rd6+ 73.
Kc4 Be3 74. Be4 Kg7 75. Bd5 Rf6 76. Be4 Rh6 77. b4 Bd2 78. Kd3 Be1 79. bxa5 bxa5
80. Bd5 Rf6 81. Be4 Rh6 82. c4 Rh3+ 83. Ke2 Bb4 84. Bd5 Kf6 85. Rxf7+ Ke5 86.
Rg7 Kxf5 87. Rb7 Ke5 88. Kf2 Bc5+ 89. Kg2 Ra3 90. Rb5 Bb4 91. Bc6+ Kd4 92. Rh5
Kxc4 93. Bb5+ Kd4 94. Rh4+ Ke5 95. Rh5+ Kf6 96. Rh3 Ra2+ 97. Kf3 Ra3+ 98. Kg4
Rxh3 99. Kxh3 1/2-1/2